LEADER 02241nas 2200721- 450 001 996210108303316 005 20230518213020.0 011 $a2036-3877 035 $a(DE-599)ZDB2502169-2 035 $a(OCoLC)430524839 035 $a(CKB)1000000000750838 035 $a(CONSER)--2017207458 035 $a(EXLCZ)991000000000750838 100 $a20090814a20099999 --- - 101 0 $aeng 135 $aur||||||||||| 181 $ctxt$2rdacontent 182 $cc$2rdamedia 183 $acr$2rdacarrier 200 00$aJournal of medicine and the person 210 1$aMilano :$cSpringer,$d2009- 215 $a1 online resource 300 $aRefereed/Peer-reviewed 311 $a2035-9411 531 1 $aJ. med. person 606 $aMedicine$xPhilosophy$vPeriodicals 606 $aPhysician and patient$vPeriodicals 606 $aMedical sciences$vPeriodicals 606 $aEthics, Medical 606 $aPhilosophy, Medical 606 $aPhysician-Patient Relations 606 $aQuality of Life 606 $aMédecine$xPhilosophie$vPériodiques 606 $aRelations médecin-patient$vPériodiques 606 $aSciences de la santé$vPériodiques 606 $aMedical sciences$2fast$3(OCoLC)fst01014601 606 $aMedicine$xPhilosophy$2fast$3(OCoLC)fst01015007 606 $aPhysician and patient$2fast$3(OCoLC)fst01062819 608 $aPeriodicals.$2fast 610 00$ageneeskunde 610 00$amedicine 610 10$aMedicine (General) 610 10$aGeneeskunde (algemeen) 615 0$aMedicine$xPhilosophy 615 0$aPhysician and patient 615 0$aMedical sciences 615 12$aEthics, Medical. 615 12$aPhilosophy, Medical. 615 22$aPhysician-Patient Relations. 615 22$aQuality of Life. 615 6$aMédecine$xPhilosophie 615 6$aRelations médecin-patient 615 6$aSciences de la santé 615 7$aMedical sciences. 615 7$aMedicine$xPhilosophy. 615 7$aPhysician and patient. 676 $a362.1 712 02$aSpringer (Firm), 712 02$aAssociazione medicina e persona, 906 $aJOURNAL 912 $a996210108303316 996 $aJournal of medicine and the person$91921199 997 $aUNISA LEADER 00812nas 2200277zu 450 001 9911066116403321 005 20260304021535.0 011 $a2745-3855 035 $a(CKB)45578241400041 035 $a(EXLCZ)9945578241400041 100 $a20260304cuuuuuuuu || | 101 0 $aeng 135 $aur||||||||||| 200 00$aTransformatif: Jurnal Pengabdian Masyarakat 210 $aIndonesia: $cUniversitas Islam Negeri Raden Mas Said Surakarta 311 08$a2745-3847 610 0$acommunity services 610 0$acommunity empowerment 610 0$asocial education 610 0$asocial sciences 610 0$ainnovation of community 610 0$acapacity of society 906 $aJOURNAL 912 $a9911066116403321 996 $aTransformatif: Jurnal Pengabdian Masyarakat$94547515 997 $aUNINA